[Event "Asian Juniors Chess Championship 2022"]
[Site "Knights Templar Hotel, Tagaytay City"]
[Date "2022.11.19"]
[Round "1"]
[Board "1"]
[White "Fernanda, Agus Saputra"]
[Black "Neelash, Saha"]
[Result "0-1"]
[WhiteElo "2007"]
[BlackElo "2436"]
[PlyCount "120"]
[EventDate "2022.11.19"]
[EventRounds "9"]
[EventCountry "ACF"]

1. e4 e6 2. d4 d5 3. Nd2 Be7 4. Bd3 c5 5. dxc5 Nf6 6. Qe2 O-O 7. Ngf3 Na6 8. e5 Nd7
9. c6 Ndc5 10. cxb7 Bxb7 11. O-O Nb4 12. Rd1 Rc8 13. Nb3 Nbxd3 14. cxd3 Nxb3 15.
axb3 d4 16. Rxa7 Qd5 17. Ra4 Bc5 18. Rc4 Ba6 19. Ng5 h6 20. Nh3 Qb7 21. Ra4 Bb5 22.
Ra1 f5 23. Nf4 Bd7 24. Nh5 Qxb3 25. Bxh6 gxh6 26. Nf6+ Rxf6 27. exf6 Kh7 28. Rdc1
Qd5 29. b4 Rg8 30. f3 Bb6 31. Rc4 Kg6 32. Qd2 Bb5 33. Rc2 Qe5 34. f7 Kxf7 35. Re1
Qf6 36. Qf4 Rd8 37. Re5 Ba4 38. Rc1 Qg5 39. Qxg5 hxg5 40. g4 Kf6 41. Rce1 Rd6 42.
gxf5 exf5 43. Re7 Bb5 44. Rh7 Kg6 45. Ree7 Bd8 46. Rhg7+ Kh5 47. Rh7+ Rh6 48. Rxh6+
Kxh6 49. Re5 Bxd3 50. b5 Kh5 51. Re6 Bxb5 52. Re5 Bd3 53. Kg2 Bc2 54. Rd5 Bf6 55.
Kf2 d3 56. h4 gxh4 57. Rxf5+ Kg6 58. Rd5 Bg5 59. Rd6+ Kh5 60. Rd5 d2  0-1

[Event "Asian Juniors Chess Championship 2022"]
[Site "Knights Templar Hotel, Tagaytay City"]
[Date "2022.11.19"]
[Round "1"]
[Board "2"]
[White "Harshavardhan, G B"]
[Black "Dau, Khuong Duy"]
[Result "1-0"]
[WhiteElo "2426"]
[BlackElo "1993"]
[PlyCount "49"]
[EventDate "2022.11.19"]
[EventRounds "9"]
[EventCountry "ACF"]

1. e4 c5 2. Nf3 d6 3. d4 cxd4 4. Nxd4 Nf6 5. Nc3 g6 6. Be3 Bg7 7. f3 O-O 8. Qd2 Nc6
9. Bc4 Nxd4 10. Bxd4 Be6 11. Bb3 Qa5 12. O-O Rfc8 13. Rad1 Nd7 14. Bxg7 Kxg7 15.
f4 Nf6 16. Rde1 Rc5 17. Qd4 Qc7 18. e5 dxe5 19. fxe5 Nd7 20. Ne4 Qxe5 21. Qf2 Rc7
22. Bxe6 fxe6 23. Qf7+ Kh8 24. Qxe7 Rg8 25. Nd6  1-0

[Event "Asian Juniors Chess Championship 2022"]
[Site "Knights Templar Hotel, Tagaytay City"]
[Date "2022.11.19"]
[Round "1"]
[Board "3"]
[White "Bacojo, Mark Jay"]
[Black "Quizon, Daniel"]
[Result "1-0"]
[WhiteElo "1949"]
[BlackElo "2420"]
[PlyCount "75"]
[EventDate "2022.11.19"]
[EventRounds "9"]
[EventCountry "ACF"]

1. e4 d5 2. exd5 Qxd5 3. Nc3 Qa5 4. d4 Nf6 5. Bd2 c6 6. Nf3 Bf5 7. Bc4 e6 8. Nd5
Qd8 9. Nxf6+ gxf6 10. c3 Nd7 11. Qe2 Nb6 12. Bb3 Be7 13. Nh4 Bg6 14. O-O-O Qc7 15.
f4 f5 16. Nf3 Bh5 17. h3 Bd6 18. g4 fxg4 19. Nh4 Rg8 20. f5 O-O-O 21. fxe6 Kb8 22.
Nf5 Bf4 23. e7 Rde8 24. Rde1 Rg5 25. Ng3 Bg6 26. Rhf1 Bxd2+ 27. Qxd2 Rb5 28. Bxf7
Rxe7 29. Bxg6 Rxe1+ 30. Qxe1 hxg6 31. c4 Rb4 32. Qxb4 Qxg3 33. hxg4 a6 34. Qb3 Qg2
35. Qf3 Qh2 36. Qf4+ Qxf4+ 37. Rxf4 Nxc4 38. g5  1-0

[Event "Asian Juniors Chess Championship 2022"]
[Site "Knights Templar Hotel, Tagaytay City"]
[Date "2022.11.19"]
[Round "1"]
[Board "4"]
[White "Gan-Erdene, Sugar"]
[Black "Santiaguel, Jerico M."]
[Result "1-0"]
[WhiteElo "2419"]
[BlackElo "1646"]
[PlyCount "89"]
[EventDate "2022.11.19"]
[EventRounds "9"]
[EventCountry "ACF"]

1. d4 Nf6 2. c4 e6 3. g3 d5 4. Nf3 dxc4 5. Bg2 Bb4+ 6. Nc3 Nd5 7. O-O c6 8. Qc2 Nd7
9. Ne4 b5 10. b3 N7b6 11. Ne5 cxb3 12. axb3 O-O 13. Nxc6 Qd7 14. Ng5 g6 15. Nxb4
Nxb4 16. Qc5 N4d5 17. Nxh7 Re8 18. Ng5 Bb7 19. Ne4 Rec8 20. Qd6 Rc6 21. Qe5 Qc7 22.
Qxc7 Rxc7 23. Nc5 Bc6 24. Bd2 Ne7 25. e4 Nd7 26. Na6 Rcc8 27. Bb4 Kf8 28. d5 Bb7
29. Bxe7+ Kxe7 30. d6+ Kd8 31. Nc7 Rxc7 32. dxc7+ Kxc7 33. Rfd1 Kd8 34. Rac1 Rc8
35. Ra1 a6 36. e5 Bxg2 37. Kxg2 Rc6 38. Rd6 Rxd6 39. exd6 Nb8 40. h4 Kd7 41. g4 Kxd6
42. h5 gxh5 43. gxh5 Ke7 44. h6 Kf8 45. Rc1  1-0

[Event "Asian Juniors Chess Championship 2022"]
[Site "Knights Templar Hotel, Tagaytay City"]
[Date "2022.11.19"]
[Round "1"]
[Board "5"]
[White "Buto, Al-Basher"]
[Black "Hakemi, Arman"]
[Result "0-1"]
[WhiteElo "1557"]
[BlackElo "2412"]
[PlyCount "144"]
[EventDate "2022.11.19"]
[EventRounds "9"]
[EventCountry "ACF"]

1. e4 c5 2. Nf3 d6 3. d4 cxd4 4. Nxd4 Nf6 5. Nc3 a6 6. Bc4 e6 7. O-O b5 8. Bb3 Be7
9. Re1 O-O 10. a3 Bb7 11. f4 Nc6 12. Be3 Na5 13. Bf2 Nxb3 14. cxb3 Rc8 15. Rc1 Re8
16. Qe2 Qd7 17. Red1 Ba8 18. Nf3 Qb7 19. Nd2 Rc7 20. Re1 Rec8 21. Rcd1 Bf8 22. b4
d5 23. e5 Nd7 24. Nb3 g6 25. Na5 Qb8 26. Qe3 Bh6 27. Qd4 Re8 28. g4 Qd8 29. g5 Bf8
30. Qd3 Rc8 31. Qe3 Nc5 32. Qe2 Nd7 33. Be3 Qc7 34. Qf2 Qb8 35. Bd4 Be7 36. Rd3 Bd8
37. Rh3 Bxa5 38. bxa5 b4 39. Nd1 bxa3 40. bxa3 Rc1 41. Qh4 h5 42. gxh6 Kh7 43. Rc3
Rxc3 44. Nxc3 Qc7 45. Re3 Qc4 46. Ne2 Bc6 47. Kf2 Bb5 48. Qg5 Qc2 49. h4 Qd1 50.
h5 Bxe2 51. hxg6+ fxg6 52. Rxe2 Qxd4+ 53. Kf1 Qd3 54. Ke1 Qf5 55. Qxf5 gxf5 56. Rc2
Kxh6 57. Rc6 Nb8 58. Rc7 Kh5 59. Kf2 Kg4 60. Ke3 d4+ 61. Kxd4 Kxf4 62. Rb7 Rd8+ 63.
Kc4 Kxe5 64. Kc5 Rd5+ 65. Kb6 Rb5+ 66. Kc7 Rxb7+ 67. Kxb7 f4 68. Kxb8 f3 69. Kb7
f2 70. Kxa6 f1=Q+ 71. Kb6 Kd6 72. a6 Qb1+  0-1

[Event "Asian Juniors Chess Championship 2022"]
[Site "Knights Templar Hotel, Tagaytay City"]
[Date "2022.11.19"]
[Round "1"]
[Board "6"]
[White "Utsab, Chatterjee"]
[Black "Carredo, Mar Aviel"]
[Result "1-0"]
[WhiteElo "2349"]
[BlackElo "1555"]
[PlyCount "61"]
[EventDate "2022.11.19"]
[EventRounds "9"]
[EventCountry "ACF"]

1. e4 e5 2. Nf3 Nc6 3. Bb5 Nf6 4. d3 d6 5. c3 Be7 6. O-O O-O 7. Re1 a6 8. Ba4 b5
9. Bb3 h6 10. Nbd2 b4 11. Ba4 bxc3 12. bxc3 Bd7 13. Rb1 Rb8 14. Rxb8 Nxb8 15. Nc4
Bb5 16. Bb3 Nbd7 17. a4 Bc6 18. Ba3 Nb6 19. a5 Nc8 20. Ne3 g6 21. Nd5 Nxd5 22. exd5
Bd7 23. d4 exd4 24. Nxd4 Na7 25. Bc1 Bg5 26. Ne6 Bxe6 27. dxe6 fxe6 28. Rxe6 Kh7
29. Bc2 Rf5 30. Bxf5 gxf5 31. Qh5  1-0

[Event "Asian Juniors Chess Championship 2022"]
[Site "Knights Templar Hotel, Tagaytay City"]
[Date "2022.11.19"]
[Round "1"]
[Board "7"]
[White "De Asas, Aaron Francis"]
[Black "Concio, Michael Jr."]
[Result "0-1"]
[WhiteElo "1380"]
[BlackElo "2343"]
[PlyCount "74"]
[EventDate "2022.11.19"]
[EventRounds "9"]
[EventCountry "ACF"]

1. e4 e5 2. Nf3 Nc6 3. Bb5 a6 4. Ba4 Nf6 5. O-O b5 6. Bb3 Bc5 7. Nxe5 Nxe5 8. d4
Bxd4 9. Qxd4 d6 10. f4 c5 11. Qd1 Nc6 12. c3 Bb7 13. Nd2 O-O 14. a4 Re8 15. Re1 c4
16. Bc2 Qb6+ 17. Kh1 Na5 18. Qe2 Re7 19. e5 dxe5 20. fxe5 Rae8 21. Nf3 Ng4 22. Be3
Nxe3 23. Qxe3 Qxe3 24. Rxe3 Bxf3 25. axb5 Rxe5 26. Rxe5 Rxe5 27. gxf3 Rxb5 28. Be4
g6 29. f4 Kg7 30. Kg2 Rxb2+ 31. Kg3 Nb3 32. Rxa6 Nc5 33. Rc6 Nxe4+ 34. Kf3 Nxc3 35.
Rxc4 Rxh2 36. Kg3 Rc2 37. Kf3 Nb5  0-1

[Event "Asian Juniors Chess Championship 2022"]
[Site "Knights Templar Hotel, Tagaytay City"]
[Date "2022.11.19"]
[Round "1"]
[Board "8"]
[White "Avinash, Ramesh"]
[Black "Paradero, Gabriel Ryan"]
[Result "1-0"]
[WhiteElo "2338"]
[BlackElo "1294"]
[PlyCount "51"]
[EventDate "2022.11.19"]
[EventRounds "9"]
[EventCountry "ACF"]

1. e4 d6 2. d4 Nf6 3. Nc3 g6 4. Be3 Bg7 5. Qd2 c6 6. Bh6 Bxh6 7. Qxh6 Nbd7 8. Nf3
b5 9. Bd3 Qb6 10. O-O b4 11. Ne2 Ba6 12. e5 Nd5 13. exd6 exd6 14. Ng5 Bxd3 15. cxd3
N7f6 16. Rfe1 Rf8 17. Nf4+ Kd7 18. Nxd5 cxd5 19. Rac1 Qxd4 20. Qg7 Qf4 21. Ne6 Nh5
22. Nxf8+ Kd8 23. Qg8 Qf5 24. Ne6+ Ke7 25. Rc7+ Kf6 26. Rxf7#  1-0

[Event "Asian Juniors Chess Championship 2022"]
[Site "Knights Templar Hotel, Tagaytay City"]
[Date "2022.11.19"]
[Round "1"]
[Board "9"]
[White "Limpangog, Aaron"]
[Black "Orozbaev, Eldiar"]
[Result "0-1"]
[WhiteElo "1292"]
[BlackElo "2324"]
[PlyCount "90"]
[EventDate "2022.11.19"]
[EventRounds "9"]
[EventCountry "ACF"]

1. e4 e6 2. d4 d5 3. e5 c5 4. c3 Nc6 5. Nf3 Qb6 6. Be2 Nh6 7. Nbd2 cxd4 8. cxd4 Nxd4
9. Qa4+ Nc6 10. O-O Bd7 11. Qf4 Qb4 12. Nb3 Rc8 13. Qxb4 Bxb4 14. a3 Be7 15. Bf4
O-O 16. Rac1 a5 17. Bb5 Nxe5 18. Bxd7 Nxd7 19. Nxa5 b6 20. Nb3 Nc5 21. Nbd4 Nd3 22.
Rxc8 Rxc8 23. Bxh6 gxh6 24. b4 Nb2 25. Nb5 Nc4 26. Nfd4 Bf6 27. Rc1 Ra8 28. Nc2 Kg7
29. g3 Kg6 30. Kg2 Rc8 31. Ncd4 Ne3+ 32. fxe3 Rxc1 33. Ne2 Rc2 34. Kf1 Ra2 35. Nf4+
Kf5 36. Nd6+ Kg4 37. h3+ Kxg3 38. Nxf7 Kf3 39. Kg1 Rxa3 40. Nxh6 Bg5 41. Nxe6 Bxe3+
42. Kh1 Ra1+ 43. Kh2 Bg1+ 44. Kh1 Bf2+ 45. Kh2 Bg3#  0-1

[Event "Asian Juniors Chess Championship 2022"]
[Site "Knights Templar Hotel, Tagaytay City"]
[Date "2022.11.19"]
[Round "1"]
[Board "10"]
[White "Sapenov, Daniyal"]
[Black "Lacorte, Rafiel Irvin"]
[Result "1-0"]
[WhiteElo "2324"]
[BlackElo "1272"]
[PlyCount "47"]
[EventDate "2022.11.19"]
[EventRounds "9"]
[EventCountry "ACF"]

1. d4 Nf6 2. c4 c5 3. d5 e6 4. Nf3 exd5 5. cxd5 d6 6. e4 Bg4 7. Be2 Nbd7 8. Nfd2
Bxe2 9. Qxe2 g6 10. Nc3 a6 11. O-O Bg7 12. Nc4 Qe7 13. Bf4 Ne5 14. Bxe5 dxe5 15.
d6 Qe6 16. Nd5 Nxd5 17. exd5 Qxd5 18. Rad1 Qe6 19. d7+ Kd8 20. Rd6 Qe7 21. Qd2 a5
22. Qd5 Ra6 23. Rxa6 bxa6 24. Rd1  1-0

[Event "Asian Juniors Chess Championship 2022"]
[Site "Knights Templar Hotel, Tagaytay City"]
[Date "2022.11.19"]
[Round "1"]
[Board "11"]
[White "Sarmiento, Cyle"]
[Black "Raahul, V S"]
[Result "0-1"]
[WhiteElo "1258"]
[BlackElo "2311"]
[PlyCount "62"]
[EventDate "2022.11.19"]
[EventRounds "9"]
[EventCountry "ACF"]

1. e4 e5 2. Nf3 Nc6 3. Bc4 Nf6 4. d3 h6 5. O-O d6 6. Nc3 Na5 7. Bb3 Nxb3 8. axb3
c5 9. Nb5 a6 10. c4 Be7 11. h3 Bxh3 12. gxh3 axb5 13. Rxa8 Qxa8 14. Be3 b4 15. Qa1
Qxa1 16. Rxa1 Kd7 17. Kg2 Nh5 18. Nh4 Bxh4 19. Kf3 Bg5 20. Kg4 Nf6+ 21. Kf3 Bxe3
22. Kxe3 g5 23. f3 Nh5 24. h4 gxh4 25. Rh1 Nf4 26. Kd2 h3 27. Ke3 Rg8 28. Kf2 Rg2+
29. Kf1 Rxb2 30. Kg1 Rg2+ 31. Kf1 h2  0-1

[Event "Asian Juniors Chess Championship 2022"]
[Site "Knights Templar Hotel, Tagaytay City"]
[Date "2022.11.19"]
[Round "1"]
[Board "12"]
[White "Dziththauly, Ramadhan"]
[Black "Co, Ronell Jose"]
[Result "1-0"]
[WhiteElo "2194"]
[BlackElo "1072"]
[PlyCount "57"]
[EventDate "2022.11.19"]
[EventRounds "9"]
[EventCountry "ACF"]

1. d4 f5 2. Bg5 Nf6 3. e3 e6 4. Bd3 Be7 5. Nd2 Nc6 6. c3 O-O 7. Qc2 d6 8. Ne2 Kh8
9. O-O-O Qe8 10. Bxf6 Bxf6 11. g4 g6 12. gxf5 exf5 13. h4 Bg7 14. Rdg1 Bh6 15. Nf4
Bd7 16. Nf3 Bxf4 17. exf4 Be6 18. Re1 Qd7 19. h5 Rg8 20. hxg6 Rxg6 21. d5 Bxd5 22.
Bxf5 Qf7 23. Bxg6 Qxf4+ 24. Kb1 Qxf3 25. Rxh7+ Kg8 26. Rg1 Kf8 27. Rh8+ Bg8 28. Rxg8+
Kxg8 29. Bh5+  1-0

[Event "Asian Juniors Chess Championship 2022"]
[Site "Knights Templar Hotel, Tagaytay City"]
[Date "2022.11.20"]
[Round "2"]
[Board "1"]
[White "Neelash, Saha"]
[Black "Sapenov, Daniyal"]
[Result "1-0"]
[WhiteElo "2436"]
[BlackElo "2324"]
[PlyCount "89"]
[EventDate "2022.11.19"]
[EventRounds "9"]
[EventCountry "ACF"]

1. d4 Nf6 2. c4 e6 3. Nf3 b6 4. g3 Bb7 5. Bg2 Bb4+ 6. Bd2 Be7 7. Nc3 c6 8. Bf4 O-O
9. e4 d5 10. e5 Ne4 11. Qc2 c5 12. dxc5 Nxc3 13. bxc3 Na6 14. cxb6 axb6 15. h4 h6
16. Nd4 Rc8 17. O-O Rxc4 18. Rfb1 Qc7 19. Nb5 Qc6 20. Qe2 Nc5 21. Qxc4 dxc4 22. Bxc6
Bxc6 23. Nd4 Bd5 24. a4 g5 25. Be3 Bd8 26. Kh2 Kh7 27. Rb5 Ne4 28. Ne2 gxh4 29. Bxb6
Bxb6 30. Rxb6 Nxf2 31. Rf1 Ng4+ 32. Kh3 Nxe5 33. Nf4 Be4 34. g4 Ra8 35. Rb4 Ra7 36.
Kxh4 Ng6+ 37. Kg3 Nxf4 38. Kxf4 Bd5 39. Ra1 Kg6 40. a5 Kf6 41. Rb6 Kg6 42. a6 Kf6
43. Ra2 Kg6 44. Ra1 f6 45. Ra5  1-0

[Event "Asian Juniors Chess Championship 2022"]
[Site "Knights Templar Hotel, Tagaytay City"]
[Date "2022.11.20"]
[Round "2"]
[Board "2"]
[White "Raahul, V S"]
[Black "Harshavardhan, G B"]
[Result "1/2-1/2"]
[WhiteElo "2311"]
[BlackElo "2426"]
[PlyCount "70"]
[EventDate "2022.11.19"]
[EventRounds "9"]
[EventCountry "ACF"]

1. c4 e5 2. Nc3 Nc6 3. Nf3 f5 4. d4 e4 5. d5 exf3 6. dxc6 fxg2 7. cxd7+ Qxd7 8.
Bxg2 Qxd1+ 9. Kxd1 c6 10. Bf4 Nf6 11. Kc2 Be6 12. b3 Bc5 13. e3 Kf7 14. Rad1 g5 15.
Be5 Rhg8 16. h3 Nd7 17. Bd4 Be7 18. Ne2 Rab8 19. h4 gxh4 20. Nf4 Nf8 21. Bf3 Ng6
22. Bh5 Rbd8 23. Rdg1 Bf6 24. Bxf6 Kxf6 25. Bxg6 hxg6 26. Nxe6 Kxe6 27. Rxh4 Kf6
28. Rd1 Rxd1 29. Kxd1 Rd8+ 30. Ke2 Rd7 31. Rh8 g5 32. Rf8+ Ke5 33. Re8+ Kf6 34. Ra8
a6 35. Rf8+ Ke5  1/2-1/2

[Event "Asian Juniors Chess Championship 2022"]
[Site "Knights Templar Hotel, Tagaytay City"]
[Date "2022.11.20"]
[Round "2"]
[Board "3"]
[White "Tobing, Daniel Hermawan Lumban"]
[Black "Gan-Erdene, Sugar"]
[Result "0-1"]
[WhiteElo "2162"]
[BlackElo "2419"]
[PlyCount "110"]
[EventDate "2022.11.19"]
[EventRounds "9"]
[EventCountry "ACF"]

1. e4 c5 2. Nf3 d6 3. d4 cxd4 4. Nxd4 Nf6 5. Nc3 Nc6 6. Bg5 e6 7. Qd2 a6 8. O-O-O
Bd7 9. f3 Be7 10. h4 h6 11. Be3 h5 12. Bg5 Qc7 13. Kb1 Ne5 14. f4 Neg4 15. Qe1 Rc8
16. Be2 Ne3 17. Rd3 Nc4 18. Rd1 Na3+ 19. bxa3 Qxc3 20. Qxc3 Rxc3 21. Bxf6 Bxf6 22.
Nb3 Ke7 23. Rd3 Rxd3 24. cxd3 Bb5 25. Rc1 Kd7 26. g3 g6 27. Bf1 Rc8 28. Rxc8 Kxc8
29. Kc2 Kc7 30. Bh3 Ba4 31. Kb1 Kb6 32. Kc2 Kc7 33. Kb1 b6 34. Nd2 Bd4 35. Nf1 Kd8
36. Kc1 Ke7 37. g4 Bf2 38. gxh5 gxh5 39. Bg2 Kf6 40. Bf3 Kg6 41. f5+ Kh6 42. Nd2
Bb5 43. fxe6 fxe6 44. Be2 Bxh4 45. Nf3 Bf2 46. Kd2 Bc5 47. a4 Bxa4 48. d4 Bb4+ 49.
Ke3 b5 50. d5 exd5 51. exd5 Bc2 52. Kf4 Bc3 53. Nh4 Bd2+ 54. Kf3 Kg5 55. Ng2 h4  0-1

[Event "Asian Juniors Chess Championship 2022"]
[Site "Knights Templar Hotel, Tagaytay City"]
[Date "2022.11.20"]
[Round "2"]
[Board "4"]
[White "Hakemi, Arman"]
[Black "Dziththauly, Ramadhan"]
[Result "1/2-1/2"]
[WhiteElo "2412"]
[BlackElo "2194"]
[PlyCount "68"]
[EventDate "2022.11.19"]
[EventRounds "9"]
[EventCountry "ACF"]

1. d4 Nf6 2. c4 e6 3. Nf3 d5 4. g3 Bb4+ 5. Bd2 Bd6 6. Nc3 O-O 7. Bg5 c6 8. Bg2 Nbd7
9. O-O h6 10. Bxf6 Nxf6 11. Nd2 e5 12. dxe5 Bxe5 13. cxd5 Bxc3 14. bxc3 Nxd5 15.
Qc2 Qa5 16. Rac1 Rd8 17. Nb3 Qa3 18. e4 Nc7 19. f4 Be6 20. c4 b5 21. cxb5 Nxb5 22.
e5 Bxb3 23. axb3 Nd4 24. Qf2 Nxb3 25. Rxc6 Rac8 26. Rxc8 Rxc8 27. Bd5 Nc5 28. Qd4
Qd3 29. Qxd3 Nxd3 30. e6 Kf8 31. exf7 Rc1 32. Rxc1 Nxc1 33. Kf1 Nd3 34. Ke2 Nb4  1/2-1/2

[Event "Asian Juniors Chess Championship 2022"]
[Site "Knights Templar Hotel, Tagaytay City"]
[Date "2022.11.20"]
[Round "2"]
[Board "5"]
[White "Daluz, Christian Mark"]
[Black "Utsab, Chatterjee"]
[Result "0-1"]
[WhiteElo "2010"]
[BlackElo "2349"]
[PlyCount "120"]
[EventDate "2022.11.19"]
[EventRounds "9"]
[EventCountry "ACF"]

1. e4 c5 2. Nc3 Nc6 3. g3 g6 4. Bg2 Bg7 5. d3 d6 6. Nh3 e6 7. Be3 Rb8 8. Qd2 b5 9.
O-O b4 10. Nd1 a5 11. Kh1 Qc7 12. Rc1 a4 13. c3 bxc3 14. bxc3 a3 15. Re1 Ba6 16.
f4 Nge7 17. d4 O-O 18. dxc5 d5 19. e5 Na5 20. Bd4 Nc4 21. Qf2 Nb2 22. Bf1 Bd3 23.
Qd2 Bxf1 24. Rxf1 Nc6 25. Nhf2 Qa5 26. Qc2 Qa6 27. Kg1 Qc4 28. Qd2 Qxa2 29. Nd3 Na5
30. N1xb2 Nb3 31. Qc2 Nxc1 32. Rxc1 axb2 33. Rb1 Rfc8 34. Nb4 Qc4 35. Rxb2 Bf8 36.
Nd3 Rxb2 37. Nxb2 Qa2 38. Qf2 Rb8 39. Nd3 Qc4 40. Qc2 Ra8 41. Qb1 Ra2 42. Nc1 Ra3
43. Qb4 Ra1 44. Qb2 Ra5 45. Qb4 Rxc5 46. Qxc4 Rxc4 47. Nd3 Ra4 48. Kg2 Ra2+ 49. Nf2
Rc2 50. Kf3 Ba3 51. h4 Bb2 52. Nd1 h5 53. Ke3 Bc1+ 54. Kf3 Kf8 55. Nf2 Bb2 56. Nd1
Ke8 57. Ke3 Bc1+ 58. Kf3 Kd7 59. g4 Bd2 60. gxh5 gxh5  0-1

[Event "Asian Juniors Chess Championship 2022"]
[Site "Knights Templar Hotel, Tagaytay City"]
[Date "2022.11.20"]
[Round "2"]
[Board "6"]
[White "Concio, Michael Jr."]
[Black "Labog, Eric Jr."]
[Result "1/2-1/2"]
[WhiteElo "2343"]
[BlackElo "2138"]
[PlyCount "64"]
[EventDate "2022.11.19"]
[EventRounds "9"]
[EventCountry "ACF"]

1. e4 e5 2. Nf3 Nc6 3. Bb5 Nf6 4. O-O Nxe4 5. Re1 Nd6 6. Nxe5 Be7 7. Bd3 Nxe5 8.
Rxe5 O-O 9. Nc3 Re8 10. Re1 Bf8 11. b3 Rxe1+ 12. Qxe1 b6 13. Bb2 Bb7 14. Qe3 Qh4
15. Qg3 Qxg3 16. hxg3 Re8 17. f3 g6 18. Nb5 Nxb5 19. Bxb5 a6 20. Bf1 Bh6 21. Rd1
d6 22. Kf2 Bg7 23. Bxg7 Kxg7 24. d4 a5 25. c3 h5 26. Bb5 c6 27. Bd3 Kf6 28. Re1 Rxe1
29. Kxe1 Bc8 30. a3 Be6 31. b4 Bd7 32. Kf2 c5  1/2-1/2

[Event "Asian Juniors Chess Championship 2022"]
[Site "Knights Templar Hotel, Tagaytay City"]
[Date "2022.11.20"]
[Round "2"]
[Board "9"]
[White "Quizon, Daniel"]
[Black "Limpangog, Aaron"]
[Result "1-0"]
[WhiteElo "2420"]
[BlackElo "1292"]
[PlyCount "99"]
[EventDate "2022.11.19"]
[EventRounds "9"]
[EventCountry "ACF"]

1. c4 e5 2. Nc3 Nf6 3. g3 Bc5 4. Bg2 c6 5. d3 d6 6. Nf3 Be6 7. O-O Nbd7 8. Ng5 d5
9. cxd5 cxd5 10. Nxe6 fxe6 11. e4 dxe4 12. dxe4 O-O 13. Qe2 Rc8 14. Be3 Bxe3 15.
Qxe3 Qb6 16. Qe2 Nc5 17. Rad1 Rcd8 18. Qc4 a5 19. a3 Rxd1 20. Nxd1 Rd8 21. b4 axb4
22. axb4 Nd3 23. Bh3 Kf7 24. Ne3 Rd4 25. Qc8 Rxe4 26. Nc4 Rxc4 27. Qxc4 e4 28. b5
Ne5 29. Qe2 Nf3+ 30. Kh1 Nd5 31. Bg2 Ng5 32. h4 Nf3 33. Bxf3 exf3 34. Qxf3+ Nf6 35.
Qd3 Qc5 36. Kg2 Qd5+ 37. Qxd5 Nxd5 38. Ra1 b6 39. Ra7+ Kf6 40. Rb7 h5 41. f3 g6 42.
Kf2 Kf5 43. Rf7+ Ke5 44. g4 Nf4 45. Rb7 Nd5 46. Kg3 Kf6 47. Rb8 e5 48. gxh5 gxh5
49. Rh8 Kg6 50. Rd8  1-0

[Event "Asian Juniors Chess Championship 2022"]
[Site "Knights Templar Hotel, Tagaytay City"]
[Date "2022.11.20"]
[Round "2"]
[Board "10"]
[White "Paradero, Gabriel Ryan"]
[Black "Fernanda, Agus Saputra"]
[Result "0-1"]
[WhiteElo "1294"]
[BlackElo "2007"]
[PlyCount "82"]
[EventDate "2022.11.19"]
[EventRounds "9"]
[EventCountry "ACF"]

1. e4 b6 2. d4 Bb7 3. Nc3 e6 4. Nf3 Bb4 5. Bd3 Nf6 6. e5 Ne4 7. Bd2 Nxd2 8. Qxd2
d5 9. a3 Be7 10. Ne2 c5 11. c3 O-O 12. h4 Nc6 13. g4 f6 14. Qc2 f5 15. gxf5 c4 16.
f6 cxd3 17. Qxd3 Bxf6 18. exf6 Qxf6 19. Rh3 e5 20. dxe5 Nxe5 21. Nxe5 Qxe5 22. f4
Rxf4 23. O-O-O Re4 24. Nd4 Rxh4 25. Rdh1 Rxh3 26. Qxh3 h6 27. Rg1 Rf8 28. Kc2 Ba6
29. Qxh6 Rf2+ 30. Kb3 Bc4+ 31. Ka4 b5+ 32. Nxb5 Bxb5+ 33. Kxb5 Rxb2+ 34. Kc5 Qxc3+
35. Kxd5 Rb5+ 36. Ke4 Re5+ 37. Kf4 Qe3+ 38. Kg4 Qxg1+ 39. Kf3 gxh6 40. a4 Re3+ 41.
Kf4 Qg5#  0-1

[Event "Asian Juniors Chess Championship 2022"]
[Site "Knights Templar Hotel, Tagaytay City"]
[Date "2022.11.20"]
[Round "2"]
[Board "11"]
[White "Dau, Khuong Duy"]
[Black "Sarmiento, Cyle"]
[Result "1-0"]
[WhiteElo "1993"]
[BlackElo "1258"]
[PlyCount "109"]
[EventDate "2022.11.19"]
[EventRounds "9"]
[EventCountry "ACF"]

1. e4 e5 2. Nf3 Nc6 3. Bb5 Nf6 4. d3 a6 5. Bxc6 bxc6 6. Nxe5 Qe7 7. Nf3 d6 8. O-O
Ng4 9. Nc3 h6 10. h3 h5 11. Bf4 Ne5 12. d4 Nxf3+ 13. Qxf3 Qh4 14. Qe3 Be7 15. Bg3
Qg5 16. Qxg5 Bxg5 17. d5 h4 18. Bh2 c5 19. e5 Rh6 20. Rfe1 Kf8 21. Ne4 Be7 22. Re3
Bf5 23. Rae1 Bxe4 24. Rxe4 dxe5 25. Bxe5 Bd6 26. Bf4 Bxf4 27. Rxf4 Re8 28. Rxe8+
Kxe8 29. Rc4 Rb6 30. b3 Rb5 31. a4 Rb6 32. Rxc5 Kd7 33. Kf1 Kd6 34. Rc6+ Rxc6 35.
dxc6 Kxc6 36. Ke2 Kd5 37. Kd3 Kc5 38. c3 a5 39. Ke4 Kd6 40. b4 axb4 41. cxb4 g6 42.
Kd4 Kc6 43. Ke5 Kd7 44. Kf6 Kd6 45. Kxf7 Kd5 46. a5 Kc6 47. Kxg6 Kb5 48. f4 Kxb4
49. a6 Kb5 50. a7 c5 51. a8=Q c4 52. Qa3 Kc6 53. f5 Kd5 54. f6 Kd4 55. f7  1-0

[Event "Asian Juniors Chess Championship 2022"]
[Site "Knights Templar Hotel, Tagaytay City"]
[Date "2022.11.20"]
[Round "2"]
[Board "13"]
[White "Lacorte, Rafiel Irvin"]
[Black "Buto, Al-Basher"]
[Result "1/2-1/2"]
[WhiteElo "1272"]
[BlackElo "1557"]
[PlyCount "151"]
[EventDate "2022.11.19"]
[EventRounds "9"]
[EventCountry "ACF"]

1. c4 e5 2. g3 Nc6 3. Bg2 f5 4. Nc3 Nf6 5. d3 Bb4 6. e3 e4 7. d4 d5 8. cxd5 Nxd5
9. Nge2 Be6 10. O-O O-O 11. Nxd5 Bxd5 12. a3 Bd6 13. b4 Bc4 14. Bd2 Kh8 15. Rc1 b5
16. f3 Qe7 17. fxe4 fxe4 18. Rxf8+ Rxf8 19. Nc3 Nxd4 20. exd4 e3 21. Nd5 Bxd5 22.
Bxd5 Qg5 23. Bxe3 Qxe3+ 24. Kh1 Qxa3 25. Ra1 Qxb4 26. Rxa7 Be7 27. Ra8 Bd8 28. Bf3
Bf6 29. Rxf8+ Qxf8 30. Be2 Qd6 31. d5 b4 32. Bc4 g6 33. Qe2 Kg7 34. Kg2 Qc5 35. Qd3
Bd4 36. Qe2 Bf6 37. Qd3 Kf8 38. Bb3 Be5 39. Qc4 Qxc4 40. Bxc4 Ke7 41. Kf3 Kd6 42.
Ke4 Kc5 43. Bb3 Bd6 44. Ba2 g5 45. g4 Bxh2 46. Bb3 Bg1 47. Ba2 Bf2 48. Bb3 Be1 49.
Ba2 Bd2 50. Bb3 Bc1 51. Ba2 h5 52. gxh5 g4 53. Bb3 Kd6 54. Ba4 Ke7 55. Bd1 g3 56.
Kf3 Bf4 57. h6 Kf6 58. h7 Kg7 59. Bc2 Be5 60. Bb1 b3 61. Bd3 Kf8 62. h8=Q+ Bxh8 63.
Kxg3 Ke7 64. Kf3 Kd6 65. Be4 Bd4 66. Ke2 Ke5 67. Bh7 b2 68. Kd2 Kxd5 69. Kc2 Kc4
70. Kb1 Kc3 71. Bc2 Kd2 72. Bg6 c5 73. Bf5 c4 74. Bg6 c3 75. Bf5 c2+ 76. Bxc2  1/2-1/2

[Event "Asian Juniors Chess Championship 2022"]
[Site "Knights Templar Hotel, Tagaytay City"]
[Date "2022.11.20"]
[Round "2"]
[Board "15"]
[White "Co, Ronell Jose"]
[Black "De Asas, Aaron Francis"]
[Result "0-1"]
[WhiteElo "1072"]
[BlackElo "1380"]
[PlyCount "94"]
[EventDate "2022.11.19"]
[EventRounds "9"]
[EventCountry "ACF"]

1. e4 c5 2. Nf3 g6 3. d4 cxd4 4. Nxd4 Bg7 5. Nc3 Nc6 6. Be3 Nf6 7. f3 O-O 8. Qd2
d5 9. exd5 Nb4 10. Bc4 Nbxd5 11. Nxd5 Nxd5 12. Bxd5 Qxd5 13. O-O Rd8 14. Rfd1 Be6
15. c3 h5 16. Qe2 Qe5 17. Nxe6 Qxe6 18. a3 Rac8 19. Qf2 a6 20. Kf1 Rd6 21. Bd4 Rcd8
22. Rd2 Qc4+ 23. Qe2 Qxe2+ 24. Rxe2 Bxd4 25. cxd4 e6 26. Rc1 Rxd4 27. Rc7 R8d7 28.
Rec2 Kg7 29. Ke2 Rd2+ 30. Rxd2 Rxc7 31. Ke3 f5 32. Rd3 Kf6 33. f4 Rc2 34. Rb3 b5
35. Kf3 g5 36. fxg5+ Kxg5 37. Kg3 f4+ 38. Kf3 Kf5 39. Rb4 e5 40. a4 Rd2 41. axb5
e4+ 42. Rxe4 Rd3+ 43. Ke2 Kxe4 44. bxa6 Rb3 45. a7 Rxb2+ 46. Kd1 Ra2 47. a8=Q+ Rxa8
 0-1